|
|
|
|
| LEADER |
00000cam a2200000 7i4500 |
| 001 |
0000001406 |
| 005 |
20010619.0 |
| 020 |
0 |
0 |
|a 0824819098
|
| 090 |
0 |
0 |
|a 333.7509591
|b BRY 1997
|
| 100 |
1 |
0 |
|a BRYANT
|h Raymond L.
|c 1961-
|
| 245 |
1 |
4 |
|a The political ecology of forestry in Burma, 1824-1994
|c Raymond L. Bryant
|
| 260 |
0 |
0 |
|a Honolulu, Hawaii :
|b University of Hawai'i Press ,
|c 1997
|
| 300 |
|
|
|a xiv, 257 p. :
|b map ;
|c 23 cm.
|
| 500 |
0 |
0 |
|a Bibliography : (p. 230-246) and index
|
| 650 |
0 |
0 |
|a Forest management
|z Burma
|x History
|
| 650 |
0 |
0 |
|a Forest policy
|z Burma
|x History
|
| 650 |
0 |
0 |
|a Forests and forestry
|x Political aspects
|z Burma
|x History
|
| 998 |
|
|
|a JPSM
|
| 999 |
|
|
|a 0000002656
|b Monograph
|c Open Shelf
|e Default branch
|